000 01250nam a22002657a 4500
001 9025
003 FISKH
005 20251114112919.0
008 251114b cb ||||| |||| 00| 0 eng d
020 _a9780194643849
040 _aFISKH
_beng
_cFISKH
_dFISKH
050 _aML3928.N67
082 _a428.6
100 _aNorthcott, Richard
245 _aSound and music /
_cRichard Northcott
260 _aNew York:
_bOxford University Press,
_c2011.
300 _a48 pages :
_bcolor illustrations ;
_c21 cm
505 _aP
520 _aRead and discover all about sound and music ... What are sound waves? What type of musical instrument is a koto? Oxford Read and Discover is specially designed to make reading other subjects in English easy and fun. Students read about Science, Arts, and Social Studies - and develop their language skills at the same time. Colour photos help understanding and stunning diagrams develop critical thinking skills. The flexible design allows free reading and supported reading by giving clear signposts to activities and projects at the back.
521 8 _a640
_bLexile estimate
521 8 _aP
_bRaz-Plus
650 _aInstrument
_vGeneral science
_xMusic
942 _2ddc
_cBK
_n0
999 _c9025
_d9025